Food in French Quiz Stats

 Plays Quiz Updated Feb 11, 2016

Score 0/30 Timer 05:00
0 Plays Today
% Correct
chocolate
95.9%
carrot
95.8%
yogurt
95.8%
tomato
95.7%
onion
94.7%
sausage
94.5%
herbs
94.4%
pork
94.1%
ice cream
93.5%
rice
93.4%
beef
92.9%
cheese
91.1%
bread
89.7%
cookies
89.5%
chicken
89.4%
% Correct
jelly
87.8%
candy
87.7%
nut
85.6%
potato
85.5%
ham
84.4%
egg
83.2%
fish
83.2%
toast
82.3%
corn
82.2%
peas
79.5%
cake
79.1%
pie
75.4%
vegetables
71.9%
pasta
65%
meat
64.7%

You're not logged in!

Compare scores with friends on all Sporcle quizzes.
OR
Log In

Show Comments

Extras

Top Quizzes Today


Score Distribution

Your Account Isn't Verified!

In order to create a playlist on Sporcle, you need to verify the email address you used during registration. Go to your Sporcle Settings to finish the process.

Report this User

Report this user for behavior that violates our Community Guidelines.

Details: